000 00581nam a22002177a 4500
003 OSt
008 260422b |||||||| |||| 00| 0 eng d
082 _a635.25
_bV70E
100 _aVikram Kumar
245 _aEffect of Integrated use of Vermicompost and Fertilizers on Growth, Yield and Quality of Kharif Onion
260 _aPusa, Samastipur
_bRAU
_c2006
300 _a65p.
502 _bM. Sc.
_d2006
650 _aHorticulture
650 _aOnion
650 _aVermicompost and Fertilizers
650 _aYield
650 _aThesis
650 _aM. Sc.
942 _2ddc
_cT
999 _c50107
_d50107